000 00845nam a22001937a 4500
001 10026
003 FISKH
005 20260401110343.0
008 260330b cb ||||| |||| 00| 0 eng d
020 _a9787536574397
040 _aFISKH
_bchi
_cFISKH
_dFISKH
082 _a818
100 _a北猫 编著
245 _a米小圈脑筋急转弯(幼儿版)/
_cBy 北猫 编著
300 _a135 pages :
_bcolor illutrations ;
_c17 cm .
520 _a《米小圈脑筋急转弯‑机灵小神童》是 米小圈脑筋急转弯 系列中的一本儿童益智书。全书通过三个关卡故事串联谜题,围绕调皮可爱的米小圈展开。关卡设计既幽默又富有趣味性,旨在 鼓励孩子开动脑筋、培养逻辑思维和创造力,在阅读过程中体验思考的乐趣。
942 _2ddc
_cBOOK
_n0
999 _c10026
_d10026